| 000 | 00388nam a2200157Ia 4500 | ||
|---|---|---|---|
| 008 | 220216s9999 xx 000 0 und d | ||
| 100 | _aHong S W | ||
| 245 | 0 | _aImproving wear resistance of truck treads | |
| 260 |
_bRubber India _c1997 |
||
| 300 | _a15-Sep | ||
| 650 | _aTruck treads | ||
| 650 | _aWear resistance | ||
| 700 | _aFerrandino M P | ||
| 700 | _aSanders J A | ||
| 942 | _cJS | ||
| 999 |
_c60919 _d60919 |
||